Normal view
MARC view
Entry Personal Name
001 - CONTROL NUMBER
- control field: 81925
003 - CONTROL NUMBER IDENTIFIER
- control field: OSt
005 - DATE AND TIME OF LATEST TRANSACTION
- control field: 20231021152633.0
008 - FIXED-LENGTH DATA ELEMENTS
- fixed length control field: 231021|| aca||aabn | a|a d
040 ## - CATALOGING SOURCE
- Original cataloging agency: OSt
- Transcribing agency: OSt
100 ## - HEADING--PERSONAL NAME
- Personal name: Sharma, Nandni
670 ## - SOURCE DATA FOUND
- Source citation: Work cat.: (OSt)66145: Sharma, Nandni, NTA CSIR UGC NET/SET Paper2 Home Sciences, 2023









